Teoría e Investigación en la Antropología Social Mexicana /
Se reproduce es este texto ponencias del simposium agrupadas en ocho líneas temáticas: La Cuestión Indígena, La Cultura Popular La Antropología Médica, La Cuestión Obrera, La Antropología Urbana, LA Investigación Antropológica y los Movimientos Sociales, Epistemología y Antropología y, Teoría e Inve...
Сохранить в:
| Соавтор: | |
|---|---|
| Формат: | Материалы конференции |
| Язык: | испанский |
| Опубликовано: |
México :
CIESAS : UAM Iztapalapa,
1988
|
| Предметы: | |
| Метки: |
Нет меток, Требуется 1-ая метка записи!
|
MARC
| LEADER | 00000nam^a2200000^a^4500 | ||
|---|---|---|---|
| 001 | 000026125 | ||
| 005 | 20250521000000.0 | ||
| 009 | 20260310084717.811 | ||
| 020 | |a 968-496-136-7 | ||
| 037 | |a Acervo ITESO - Biblioteca | ||
| 041 | |a ESP | ||
| 082 | |a 306. |b SIM | ||
| 111 | |a Simposio sobre Teoría e Investigación en la Antropología Social Mexicana | ||
| 245 | 1 | 0 | |a Teoría e Investigación en la Antropología Social Mexicana / |c Simposio Sobre Teoría e Investigación en la Antropología Social Mexicana. |
| 264 | 1 | |a México : |b CIESAS : |b UAM Iztapalapa, |c 1988 | |
| 300 | |a 362 p. | ||
| 336 | |a texto |b txt |2 rdacontenido | ||
| 337 | |a sin mediación |b n |2 rdamedio | ||
| 338 | |a volumen |b nc |2 rdasoporte | ||
| 520 | |a Se reproduce es este texto ponencias del simposium agrupadas en ocho líneas temáticas: La Cuestión Indígena, La Cultura Popular La Antropología Médica, La Cuestión Obrera, La Antropología Urbana, LA Investigación Antropológica y los Movimientos Sociales, Epistemología y Antropología y, Teoría e Investigación Antropológica en América Latina. | ||
| 649 | |a XX | ||
| 650 | |a Antropología - |z México - |x Teoría | ||
| 650 | |a Antropología - |z México - |x Investigación | ||
| 910 | |a Fondo General | ||
| 920 | |a Impresos - Libros | ||
| 930 | |a Colección General | ||
| 905 | |a 101 | ||
| 901 | |a 0261250100 |b IT1 |c ACC |i 026125 |u 20250521 | ||
| 902 | |a https://opac.biblio.iteso.mx/vufind/Record/000026125 | ||